Introduction to smooth manifolds /
Guardado en:
| Autor Principal: | |
|---|---|
| Formato: | Libro |
| Idioma: | English |
| Publicado: |
New York :
Springer,
c2003.
|
| Series: | Graduate texts in mathematics ;
218 |
| Materias: | |
| Etiquetas: |
Agregar Etiqueta
Sin Etiquetas, Sea el primero en etiquetar este registro!
|
| LEADER | 00743cam a22002294a 4500 | ||
|---|---|---|---|
| 001 | MAT.inmabb003879 | ||
| 008 | 020423s2003####nyua#####b####001#0#eng## | ||
| 005 | 20130311170046.0 | ||
| 245 | 1 | 0 | |a Introduction to smooth manifolds / |c John M. Lee. |
| 260 | |a New York : |b Springer, |c c2003. | ||
| 300 | |a xvii, 628 p. : |b il. ; |c 25 cm. | ||
| 440 | 0 | |a Graduate texts in mathematics ; |v 218 | |
| 504 | |a Incluye referencias bibliográficas (p. [597]-599) e índice. | ||
| 510 | 4 | |a MR, |c 2003k:58001 | |
| 020 | |a 0387954953 | ||
| 020 | |a 0387954481 | ||
| 100 | 1 | |a Lee, John M., |d 1950- | |
| 650 | 0 | |a Manifolds (Mathematics) | |
| 084 | |a 58-01 (53-01 57-01) |2 msc2000 | ||
| 010 | |a 2002070454 | ||
| 040 | |a DLC |c DLC |d DLC | ||
| 859 | |h 58 |i L477 |p A-8286 |b BIB. MATEMATICA | ||
